000 00704nam a2200241Ia 4500
003 OSt
005 20220918181902.0
006 a|||||r|||| 00| 0
007 ta
008 220917b |||||||| |||| 00| 0 eng d
024 _a29,117
037 _cTextual
040 _aARTS
_cARTS
_beng
041 _2eng
_aeng
082 _aO111,2:gK, K6
100 _aSchoenbaum S.
_9275
245 0 _aInternal evidence and Elizabethan dramatic authorship
_b An essay in literary history and method
260 _aLondon
_bEdward Arnold
_c1966
300 _axx, 281p.
_ccm.
650 _aENGLISH LITERATURE
942 _hO111,2:gK, K6
_cTEXL
_2CC
999 _c167133
_d167133